[Event "Titled Tuesday intern op 24th Sep Early"]
[Site "Chess.com INT"]
[Date "2024.09.24"]
[Round "11"]
[White "Navalgund, Niranjan"]
[Black "Sydykov, Bayastan"]
[Result "1-0"]
[WhiteElo "2300"]
[BlackElo "2268"]
[PlyCount "93"]
[EventDate "2024.09.24"]
[EventType "swiss (blitz)"]
[EventRounds "11"]
[EventCountry "USA"]
[SourceTitle "EXT 2025"]
[Source "ChessBase"]
[SourceDate "2024.10.14"]
[SourceVersion "1"]
[SourceVersionDate "2024.10.14"]
[SourceQuality "1"]

1. d4 d5 2. c4 e6 3. Nf3 Nf6 4. g3 Bb4+ 5. Bd2 Be7 6. Bg2 0-0 7. 0-0 c6 8. Qc2 b6 9. Rd1 Bb7 10. Bf4 Na6 11. a3 Rc8 12. Nbd2 c5 13. dxc5 Nxc5 14. b4 Nce4 15. Nxe4 Nxe4 16. Nd2 f5 17. Nxe4 fxe4 18. Qa4 Rxc4 19. Qxa7 Bc6 20. Rac1 b5 21. Rxc4 bxc4 22. Bxe4 Bd6 23. Bxd6 Qxd6 24. Bg2 Qe5 25. Qc5 Qxe2 26. Rf1 Ba4 27. Bh3 h6 28. b5 c3 29. b6 c2 30. b7 Qf3 31. Bxe6+ Kh7 32. Bxd5 Qf5 33. Bg8+ Kg6 34. Bh7+ Kxh7 35. Qxf5+ Rxf5 36. b8Q Bb5 37. Qc8 Bd3 38. Rc1 Ra5 39. Rxc2 Rxa3 40. Rc1 Bg6 41. h4 h5 42. Qc5 Ra4 43. Qe5 Rg4 44. Rd1 Re4 45. Qc5 Re8 46. Qc3 Re4 47. Rd7 1-0

[Event "Barcelona Sants op 25th"]
[Site "Barcelona"]
[Date "2024.08.25"]
[Round "3"]
[White "Toquero Gracia, Pau"]
[Black "Navalgund, Niranjan"]
[Result "0-1"]
[WhiteElo "2000"]
[BlackElo "2185"]
[PlyCount "120"]
[EventDate "2024.08.23"]
[EventType "swiss"]
[EventRounds "10"]
[EventCountry "ESP"]
[SourceTitle "CBM 221 Extra"]
[Source "ChessBase"]
[SourceDate "2024.09.30"]
[SourceVersion "1"]
[SourceVersionDate "2024.09.30"]
[SourceQuality "1"]

1. c3 Nf6 2. d3 d5 3. Nf3 g6 4. Nbd2 Bg7 5. e4 0-0 6. Be2 c5 7. Qc2 Nc6 8. 0-0 e5 9. Re1 Re8 10. Bf1 d4 11. c4 Rf8 12. a3 Ne8 13. g3 Nd6 14. Bg2 h6 15. Rb1 a5 16. Nb3 b6 17. Bd2 Bd7 18. Nc1 a4 19. Nh4 Ra7 20. Qd1 Kh7 21. f4 exf4 22. Bxf4 Ne5 23. Nf3 f6 24. Bxe5 fxe5 25. Qc2 Qc7 26. Rf1 b5 27. cxb5 Bxb5 28. Nd2 h5 29. Rxf8 Bxf8 30. Nf3 Nf7 31. b3 Bh6 32. bxa4 Be3+ 33. Kh1 Bxa4 34. Qc4 Be8 35. Qd5 Qd7 36. Qxd7 Bxd7 37. Nb3 Rxa3 38. Nxc5 Bc6 39. Ne1 Rc3 40. Ne6 Kh6 41. Bf1 Bd7 42. Bh3 Bc8 43. Kg2 Rc6 44. Nf8 Bxh3+ 45. Kxh3 Ng5+ 46. Kg2 Rf6 47. h4 Rf2+ 48. Kh1 Rxf8 49. hxg5+ Kxg5 50. Kg2 Rf2+ 51. Kh3 Rf1 52. Kg2 Rg1+ 53. Kh2 Kg4 54. Ra1 Rxg3 55. Ra6 g5 56. Rf6 Bf4 57. Ng2 Rxd3+ 58. Kg1 Kg3 59. Ne1 Rd1 60. Kf1 d3 0-1

[Event "Riga Tech op-A"]
[Site "Riga"]
[Date "2024.08.10"]
[Round "8"]
[White "Muthaiah, Al"]
[Black "Navalgund, Niranjan"]
[Result "1/2-1/2"]
[WhiteElo "2482"]
[BlackElo "2185"]
[PlyCount "90"]
[EventDate "2024.08.05"]
[EventType "swiss"]
[EventRounds "9"]
[EventCountry "LAT"]
[SourceTitle "CBM 221 Extra"]
[Source "ChessBase"]
[SourceDate "2024.09.30"]
[SourceVersion "1"]
[SourceVersionDate "2024.09.30"]
[SourceQuality "1"]

1. Nf3 d5 2. e3 Nf6 3. c4 c5 4. cxd5 Nxd5 5. Nc3 Nxc3 6. bxc3 g6 7. Ba3 Qc7 8. Be2 Bg7 9. 0-0 0-0 10. d4 Nd7 11. e4 e5 12. dxc5 Nxc5 13. Qd5 b6 14. Bxc5 bxc5 15. Qxa8 Be6 16. Qxf8+ Bxf8 17. Ng5 Bd7 18. Bc4 Be8 19. Rfd1 Be7 20. Nf3 Ba4 21. Rd2 Qa5 22. Rc1 Qc7 23. Bd5 Qb8 24. g3 Kg7 25. Kg2 h6 26. h4 Bd8 27. Bb3 Bc6 28. Rcd1 Ba5 29. Rd6 Bb5 30. c4 Bc7 31. cxb5 Bxd6 32. a4 c4 33. Bxc4 Qc7 34. Bf1 Bb4 35. Bd3 Qc3 36. Kf1 Ba5 37. Be2 Bb6 38. Rd5 Qa1+ 39. Kg2 Qa2 40. Rd2 Qxa4 41. Nxe5 Ba5 42. Rd5 Qxe4+ 43. Bf3 Qe1 44. Nd3 Qe7 45. h5 Bb6 1/2-1/2

[Event "Riga Tech op-A"]
[Site "Riga"]
[Date "2024.08.08"]
[Round "5"]
[White "Navalgund, Niranjan"]
[Black "Dudognon, Thibault"]
[Result "1/2-1/2"]
[WhiteElo "2185"]
[BlackElo "2417"]
[PlyCount "154"]
[EventDate "2024.08.05"]
[EventType "swiss"]
[EventRounds "9"]
[EventCountry "LAT"]
[SourceTitle "CBM 221 Extra"]
[Source "ChessBase"]
[SourceDate "2024.09.30"]
[SourceVersion "1"]
[SourceVersionDate "2024.09.30"]
[SourceQuality "1"]

1. d4 Nf6 2. c4 c5 3. d5 b5 4. cxb5 a6 5. bxa6 e6 6. Nc3 exd5 7. Nxd5 Be7 8. Nxe7 Qxe7 9. e3 0-0 10. Bd3 Nc6 11. Ne2 Nb4 12. Bb1 Rxa6 13. a3 Bb7 14. 0-0 Ng4 15. h3 Ne5 16. e4 d5 17. exd5 Nxd5 18. Ng3 Ng6 19. Re1 Re6 20. Rxe6 Qxe6 21. Ba2 Nh4 22. Qg4 Qe1+ 23. Kh2 Nf6 24. Qe2 Nxg2 25. Qxe1 Nxe1 26. Be3 Nf3+ 27. Kg2 c4 28. Kf1 Nd5 29. Ke2 Nxe3 30. fxe3 Ne5 31. Nf5 Rb8 32. Kd2 Be4 33. Ng3 Bg2 34. Kc3 Bxh3 35. a4 Be6 36. a5 Ra8 37. Bb1 Ng4 38. Be4 Ra7 39. Kd4 Nf2 40. Bc6 Nd3 41. Kc3 Ne5 42. Be4 Ng4 43. Kb4 Nxe3 44. Kc5 f5 45. Kb6 Rf7 46. Bf3 Bd5 47. Bxd5 Nxd5+ 48. Kc5 Nc7 49. a6 f4 50. Ne4 f3 51. a7 Na8 52. Nd6 Rc7+ 53. Kd4 f2 54. Ke3 f1Q 55. Rxf1 Rxa7 56. Nxc4 h5 57. b4 Rb7 58. Rb1 Nb6 59. Nxb6 Rxb6 60. Kd4 Kf7 61. Kc5 Rb8 62. Rh1 Kg6 63. b5 Kg5 64. b6 h4 65. Rg1+ Kh6 66. Kc6 g5 67. Kc7 Rg8 68. Rd1 h3 69. b7 g4 70. Rd8 Rxd8 71. Kxd8 h2 72. b8Q h1Q 73. Qf4+ Kh5 74. Qf5+ Kh6 75. Qf4+ Kh5 76. Qf5+ Kh6 77. Qf4+ Kh5 1/2-1/2

[Event "Sitges op 48th"]
[Site "Sitges"]
[Date "2024.07.30"]
[Round "9"]
[White "Navalgund, Niranjan"]
[Black "Shamatava, Nikolozi"]
[Result "0-1"]
[WhiteElo "2149"]
[BlackElo "2127"]
[PlyCount "106"]
[EventDate "2024.07.22"]
[EventType "swiss"]
[EventRounds "9"]
[EventCountry "ESP"]
[SourceTitle "CBM 221 Extra"]
[Source "ChessBase"]
[SourceDate "2024.09.30"]
[SourceVersion "1"]
[SourceVersionDate "2024.09.30"]
[SourceQuality "1"]

1. d4 Nf6 2. c4 e6 3. g3 d5 4. Bg2 Be7 5. Nf3 0-0 6. 0-0 a5 7. Nc3 c6 8. Nd2 b5 9. cxb5 cxb5 10. Nxb5 Qb6 11. a4 Nc6 12. Nb1 Ba6 13. N1c3 Na7 14. Bf4 Nxb5 15. axb5 Bxb5 16. Qb3 Bb4 17. Nxb5 Qxb5 18. Bd6 Rfc8 19. e3 Rc4 20. Qa4 Qb7 21. b3 Rcc8 22. Bf4 Rc2 23. Ra2 Rc3 24. Bf3 Rac8 25. h4 h6 26. Rb2 Ne4 27. Kg2 Rd3 28. Qa2 Rdc3 29. Qb1 Ba3 30. Ra2 Rxb3 31. Qa1 Bb2 32. Qe1 Bc3 33. Qe2 Bb4 34. Rb2 a4 35. Bxe4 dxe4 36. Rfb1 Ba3 37. Rxb3 axb3 38. Qg4 b2 39. Be5 f5 40. Qh5 Rc1 41. Qe8+ Kh7 42. Rxb2 Bxb2 43. Qxe6 Qc6 44. Qxf5+ Qg6 45. Qd7 h5 46. Kh2 Rc2 47. Kg1 Bc3 48. Bxg7 Qxg7 49. Qf5+ Qg6 50. Qd7+ Kh6 51. Qc8 Qf6 52. f4 exf3 53. Kh1 f2 0-1

[Event "Sitges op 48th"]
[Site "Sitges"]
[Date "2024.07.28"]
[Round "7"]
[White "Navalgund, Niranjan"]
[Black "Clarke, Brandon GI"]
[Result "0-1"]
[WhiteElo "2149"]
[BlackElo "2498"]
[PlyCount "60"]
[EventDate "2024.07.22"]
[EventType "swiss"]
[EventRounds "9"]
[EventCountry "ESP"]
[SourceTitle "CBM 221 Extra"]
[Source "ChessBase"]
[SourceDate "2024.09.30"]
[SourceVersion "1"]
[SourceVersionDate "2024.09.30"]
[SourceQuality "1"]

1. d4 Nf6 2. c4 c5 3. d5 b5 4. Qc2 b4 5. e4 d6 6. Nf3 g6 7. h3 Bg7 8. Bd3 0-0 9. 0-0 a5 10. a4 e5 11. dxe6 fxe6 12. e5 dxe5 13. Nxe5 Bb7 14. Nd2 Nh5 15. Ndf3 Rxf3 16. Nxf3 Bxf3 17. gxf3 Nc6 18. Be4 Nd4 19. Qd2 Nf4 20. Kh1 Be5 21. Rg1 Qh4 22. Rg3 Rd8 23. Qe1 Nxh3 24. Kg2 Nf4+ 25. Bxf4 Bxf4 26. Bxg6 Bxg3 27. fxg3 Qh6 28. Be4 Nc2 29. Bxh7+ Kf7 30. Bg6+ Qxg6 0-1

[Event "Barcelona Sant Marti op-A 24th"]
[Site "Barcelona"]
[Date "2024.07.16"]
[Round "4"]
[White "Navalgund, Niranjan"]
[Black "Jagreet, Misra"]
[Result "1-0"]
[WhiteElo "2149"]
[BlackElo "2009"]
[PlyCount "105"]
[EventDate "2024.07.13"]
[EventType "swiss"]
[EventRounds "9"]
[EventCountry "ESP"]
[SourceTitle "CBM 221 Extra"]
[Source "ChessBase"]
[SourceDate "2024.09.30"]
[SourceVersion "1"]
[SourceVersionDate "2024.09.30"]
[SourceQuality "1"]

1. e4 e5 2. Nf3 Nc6 3. Nc3 Nf6 4. Bb5 Bb4 5. 0-0 Bxc3 6. bxc3 Nxe4 7. Qe1 Nd6 8. Bxc6 dxc6 9. Qxe5+ Be6 10. Qxg7 Rf8 11. d3 Nf5 12. Qxh7 Qf6 13. d4 Rh8 14. Bg5 Rxh7 15. Bxf6 Bd5 16. Rfe1+ Kf8 17. Ne5 Be6 18. Rab1 Nd6 19. a4 Rh6 20. Bg5 Rh5 21. h4 Kg7 22. Nd3 Rhh8 23. f3 Ba2 24. Rb2 Bd5 25. Re7 Rac8 26. Nf4 Bc4 27. g4 a5 28. Rb1 b5 29. Ra1 Rhe8 30. axb5 Nxb5 31. Ra4 Rxe7 32. Bxe7 Re8 33. Nh5+ Kg6 34. Rxc4 Rxe7 35. Rxc6+ Kh7 36. Nf6+ Kg7 37. Ne4 a4 38. Ra6 a3 39. Kf2 c6 40. c4 Nxd4 41. Rxa3 f5 42. Ng3 fxg4 43. Rd3 c5 44. Rxd4 gxf3 45. Nf5+ Kf7 46. Nxe7 cxd4 47. Nc6 Ke6 48. Nxd4+ Kd6 49. Nb3 Ke5 50. Kxf3 Kf5 51. c5 Ke5 52. h5 Kf5 53. c6 1-0

[Event "Barcelona Sant Marti op-A 24th"]
[Site "Barcelona"]
[Date "2024.07.13"]
[Round "1"]
[White "Kirtadze, Anastasia"]
[Black "Navalgund, Niranjan"]
[Result "1/2-1/2"]
[WhiteElo "1978"]
[BlackElo "2149"]
[PlyCount "61"]
[EventDate "2024.07.13"]
[EventType "swiss"]
[EventRounds "9"]
[EventCountry "ESP"]
[SourceTitle "CBM 221 Extra"]
[Source "ChessBase"]
[SourceDate "2024.09.30"]
[SourceVersion "1"]
[SourceVersionDate "2024.09.30"]
[SourceQuality "1"]

1. e4 c5 2. Nf3 Nc6 3. Bb5 g6 4. Bxc6 bxc6 5. 0-0 Bg7 6. Re1 Qc7 7. c3 d6 8. Na3 Nf6 9. e5 dxe5 10. Nxe5 0-0 11. Nac4 Nd7 12. Nxd7 Qxd7 13. b3 Ba6 14. Ba3 Qd5 15. Rxe7 Rfd8 16. Qe2 Bf8 17. Re3 Bxc4 18. bxc4 Qxd2 19. Kf1 h5 20. Re1 Qxe2+ 21. R3xe2 Rd3 22. Re8 Rad8 23. Rxd8 Rxd8 24. Ke2 f5 25. Rd1 Re8+ 26. Kd3 g5 27. Rb1 Rd8+ 28. Kc2 Re8 29. Kd3 Rd8+ 30. Kc2 Re8 31. Kd3 1/2-1/2

[Event "Titled Tuesday intern op 28th May Early"]
[Site "Chess.com INT"]
[Date "2024.05.28"]
[Round "9"]
[White "Assaubayeva, Bibissara"]
[Black "Navalgund, Niranjan"]
[Result "0-1"]
[WhiteElo "2481"]
[BlackElo "2168"]
[PlyCount "176"]
[EventDate "2024.05.28"]
[EventType "swiss (blitz)"]
[EventRounds "11"]
[EventCountry "USA"]
[SourceTitle "EXT 2025"]
[Source "ChessBase"]
[SourceDate "2024.10.14"]
[SourceVersion "1"]
[SourceVersionDate "2024.10.14"]
[SourceQuality "1"]

1. d4 Nf6 2. c4 e6 3. Nc3 Bb4 4. Nf3 0-0 5. Qb3 c5 6. dxc5 Na6 7. a3 Bxc3+ 8. Qxc3 Nxc5 9. Be3 Nce4 10. Qd4 d5 11. cxd5 exd5 12. g3 b6 13. Bg2 Ba6 14. Nd2 Rc8 15. Qa4 Bc4 16. Nxc4 Rxc4 17. Qb3 Nc5 18. Bxc5 bxc5 19. 0-0 Qb6 20. Qxb6 axb6 21. Rfc1 Rxc1+ 22. Rxc1 g6 23. Kf1 d4 24. Ke1 Rc8 25. Kd2 Kf8 26. Bf3 Ke7 27. Kd3 Kd6 28. e3 dxe3 29. Kxe3 Re8+ 30. Kd3 b5 31. Kc2 c4 32. b3 Kc5 33. Kb2 Nd7 34. a4 Nb6 35. axb5 Kxb5 36. bxc4+ Nxc4+ 37. Kc3 Rc8 38. Rb1+ Kc5 39. Ra1 Nd6 40. Kd3 Rc7 41. Rc1+ Kb6 42. Rxc7 Kxc7 43. Kd4 Kd7 44. Ke5 Ke7 45. Kf4 f5 46. Kg5 Nf7+ 47. Kf4 Kf6 48. Bd5 g5+ 49. Ke3 Nd6 50. Bb3 Ke5 51. f4+ gxf4+ 52. gxf4+ Kf6 53. Kd4 Ne4 54. Bd5 Nf2 55. Bf3 Kg6 56. Ke5 Nd3+ 57. Kd4 Nxf4 58. Ke3 Ne6 59. Kf2 Kg5 60. Bd5 Nc5 61. Bc4 Kf4 62. Bg8 Ne4+ 63. Kg2 h5 64. Bd5 Ng5 65. Bc6 h4 66. Kf2 Ne4+ 67. Kg2 Kg5 68. Kf3 Nd2+ 69. Ke3 Nc4+ 70. Kf2 Kf4 71. Bb7 Ne5 72. h3 Nd3+ 73. Kg2 Nc5 74. Bc6 Ke3 75. Ba8 f4 76. Bf3 Nd3 77. Bg4 f3+ 78. Kf1 Ne5 79. Bc8 Nc4 80. Ba6 Nd2+ 81. Kg1 Ne4 82. Kf1 Kf4 83. Bb7 Nd2+ 84. Kf2 Ne4+ 85. Kf1 Ng5 86. Bc8 Kg3 87. Bb7 Nxh3 88. Bc8 Nf4 0-1